|
|
|
|
| LEADER |
00000nam0a2200000 4500 |
| 001 |
276037 |
| 005 |
20231031230924.0 |
| 020 |
|
|
|a RU
|b 86-838
|
| 035 |
|
|
|a (RuTPU)RU\TPU\book\299290
|
| 090 |
|
|
|a 276037
|
| 100 |
|
|
|a 20141118d1985 k y0rusy5003 ca
|
| 101 |
0 |
|
|a rus
|
| 102 |
|
|
|a RU
|
| 105 |
|
|
|a a z 001zy
|
| 200 |
1 |
|
|a Толстопленочная технология в СВЧ микроэлектронике
|f В. Г. Красов, Г. Б. Петраускас, Ю. С. Чернозубов
|
| 210 |
|
|
|a Москва
|c Радио и связь
|d 1985
|
| 215 |
|
|
|a 167 с.
|c ил.
|
| 225 |
1 |
|
|a Библиотека технолога радиоэлектронной аппаратуры
|
| 320 |
|
|
|a Библиогр.: с. 163-166
|
| 606 |
1 |
|
|a Микроэлектронные схемы интегральные
|2 stltpush
|3 (RuTPU)RU\TPU\subj\43864
|
| 610 |
1 |
|
|a микроэлектронные схемы пленочные
|
| 610 |
1 |
|
|a СВЧ
|
| 610 |
1 |
|
|a микроэлектроника
|
| 610 |
1 |
|
|a толстопленочная технология
|
| 610 |
1 |
|
|a конструкции
|
| 610 |
1 |
|
|a микрополосковые элементы
|
| 675 |
|
|
|a 621.382.049.77
|z rus
|v 3
|
| 700 |
|
1 |
|a Красов
|b В. Г.
|g Владимир Григорьевич
|4 070
|
| 701 |
|
1 |
|a Петраускас
|b Г. Б.
|g Гидеминас Брониславо
|
| 701 |
|
1 |
|a Чернозубов
|b Ю. С.
|g Юрий Сергеевич
|
| 801 |
|
0 |
|a RU
|b RuMRKP
|c 19950704
|g psbo
|
| 801 |
|
1 |
|a RU
|b 63413507
|c 20141118
|
| 801 |
|
2 |
|a RU
|b 63413507
|c 20170130
|g RCR
|
| 942 |
|
|
|c BK
|